00803nam a2200217Ia 4500003000900000008004100009040001600050080002300066245014300089260003500232300001300267650002900280650001900309650002600328650002100354700003300375700002800408942000700436999001500443952012700458IN-BaIIA211028s9999 xx 000 0 eng d cIIA Library a047.1:539.1bADV-2 0aAdvances in nuclear science and technologybvol. IIcedited by Ernest J. Henley and Herbert Kouts  aNew YorkbAcademic Pressc1964 ax, 378p. aHigh energy interactions aNASA Thesaurus aNuclear physics91527 aNuclear research aHenley, Ernest J., ed.95204 aKouts, Herbert ed95205 cBK c2918d2918 00104070aBANbBANcGENd1967-05-09g100.80l0o047.1:539.1/ ADV-2p3243r2021-11-05v100.80w1967-05-09yBKGRs. 100.80